KOHA-Header-6

Trasury Management tools and techniques for countering financial risks (Record no. 2731)

000 -LEADER
fixed length control field 00406nam a2200157Ia 4500
003 - CONTROL NUMBER IDENTIFIER
control field OSt
005 - DATE AND TIME OF LATEST TRANSACTION
control field 20191003105001.0
008 - FIXED-LENGTH DATA ELEMENTS--GENERAL INFORMATION
fixed length control field 190902s9999||||xx |||||||||||||| ||und||
020 ## - INTERNATIONAL STANDARD BOOK NUMBER
International Standard Book Number 978-0749413101
040 ## - CATALOGING SOURCE
Transcribing agency maju
100 ## - MAIN ENTRY--PERSONAL NAME
Personal name Jobn Ogilvie
245 #0 - TITLE STATEMENT
Title Trasury Management tools and techniques for countering financial risks
260 ## - PUBLICATION, DISTRIBUTION, ETC. (IMPRINT)
Place of publication, distribution, etc New Yrok
Name of publisher, distributor, etc CIMA
Date of publication, distribution, etc 6383
300 ## - PHYSICAL DESCRIPTION
Extent 1999
942 ## - ADDED ENTRY ELEMENTS (KOHA)
Koha item type Books
Source of classification or shelving scheme
Holdings
Withdrawn status Lost status Damaged status Not for loan Permanent Location Date acquired Barcode Date last seen Price effective from Koha item type
        MAJU 2019-09-02 6383 2019-09-02 2019-09-02 Books

Powered by Koha